000 00459nam a22001337a 4500
040 _cNUST
082 _a220 PRO
100 _aAbdur Rafay Muhammad Arham Khalil Harawal Ehsan
_9100911
110 _cProject Supervisor: Dr. Raja Amer Azim
_985606
245 _aPR-SOF-2158-Soft Robotic Gripper For Optimizing Picking & Placing In Food & Fruit Industry
260 _aISLAMABAD:
_bNUST COLLEGE OF EME,
_c2022.
650 _aDE-MECH-40
_9100340
942 _2ddc
_cPR
999 _c591976
_d591976